<?xml version="1.0" encoding="UTF-8"?><?xml-stylesheet type="text/xsl" href="static/style.xsl"?><OAI-PMH xmlns="http://www.openarchives.org/OAI/2.0/" xmlns:xsi="http://www.w3.org/2001/XMLSchema-instance" xsi:schemaLocation="http://www.openarchives.org/OAI/2.0/ http://www.openarchives.org/OAI/2.0/OAI-PMH.xsd"><responseDate>2026-06-03T17:02:45Z</responseDate><request verb="GetRecord" identifier="oai:riuma.uma.es:10630/31769" metadataPrefix="marc">https://riuma.uma.es/rest/oai/request</request><GetRecord><record><header><identifier>oai:riuma.uma.es:10630/31769</identifier><datestamp>2026-02-03T10:52:02Z</datestamp><setSpec>com_10630_2254</setSpec><setSpec>col_10630_37953</setSpec></header><metadata><record xmlns="http://www.loc.gov/MARC21/slim" xmlns:dcterms="http://purl.org/dc/terms/" xmlns:doc="http://www.lyncode.com/xoai" xmlns:xsi="http://www.w3.org/2001/XMLSchema-instance" xsi:schemaLocation="http://www.loc.gov/MARC21/slim http://www.loc.gov/standards/marcxml/schema/MARC21slim.xsd">
   <leader>00925njm 22002777a 4500</leader>
   <datafield ind2=" " ind1=" " tag="042">
      <subfield code="a">dc</subfield>
   </datafield>
   <datafield ind2=" " ind1=" " tag="720">
      <subfield code="a">García-Ruiz, Cristina</subfield>
      <subfield code="e">author</subfield>
   </datafield>
   <datafield ind2=" " ind1=" " tag="720">
      <subfield code="a">Lupión-Cobos, Teresa</subfield>
      <subfield code="e">author</subfield>
   </datafield>
   <datafield ind2=" " ind1=" " tag="720">
      <subfield code="a">Blanco-López, Ángel</subfield>
      <subfield code="e">author</subfield>
   </datafield>
   <datafield ind2=" " ind1=" " tag="260">
      <subfield code="c">2022-10-26</subfield>
   </datafield>
   <datafield ind2=" " ind1=" " tag="520">
      <subfield code="a">The purpose of this research is to evaluate the impact of a one-semester training program on the teaching profile of five pre-service secondary science teachers, following a case study that allows us to focus closely on their perceptions related to inquiry-based science education (IBSE). Through a mixed-methods analysis of a variety of qualitative and quantitative research instruments, we aim to identify the changes in the pre-service teachers’ IBSE educational achievements in terms of their capability to effectively design inquiry activities, as well as in the perceptions affecting their teaching practice concerning emotions and self-efficacy. After a general overview of the results, we provide a specific vision for each participant, and present the conclusions regarding the acceptable level developed in both inquiry learning and teaching. Finally, we analyze the possible links between all the factors considered (perceptions, emotions, and design performance) and put forward several suggestions for professional development programs.</subfield>
   </datafield>
   <datafield ind1="8" ind2=" " tag="024">
      <subfield code="a">García-Ruiz, C., Lupión-Cobos, T. and Blanco-López, A. (2022). Effects of an inquiry-based science education training programme on pre-service teachers. A mixed-methods case study. Eurasia Journal of Mathematics, Science and Technology Education, 18(12), 2186. https://doi.org/10.29333/ejmste/12578</subfield>
   </datafield>
   <datafield ind1="8" ind2=" " tag="024">
      <subfield code="a">https://hdl.handle.net/10630/31769</subfield>
   </datafield>
   <datafield ind1="8" ind2=" " tag="024">
      <subfield code="a">10.29333/ejmste/12578</subfield>
   </datafield>
   <datafield tag="653" ind2=" " ind1=" ">
      <subfield code="a">Profesores de ciencias - Formación profesional</subfield>
   </datafield>
   <datafield tag="653" ind2=" " ind1=" ">
      <subfield code="a">Ciencias - Estudio y enseñanza</subfield>
   </datafield>
   <datafield tag="653" ind2=" " ind1=" ">
      <subfield code="a">Investigación activa en educación</subfield>
   </datafield>
   <datafield ind2="0" ind1="0" tag="245">
      <subfield code="a">Effects of an inquiry-based science education training program on pre-service teachers. A mixed-methods case study.</subfield>
   </datafield>
</record>
</metadata></record></GetRecord></OAI-PMH>